000 00306 a2200157 4500
001 50556
040 _cAnchieta - Bela Vista
100 _aFrança, Mary
240 1 0 _aDudu
_lpor
245 1 0 _aDudu
300 _a12
362 0 _a2017
440 1 _aGaudí
650 4 _aLiteratura infantil
942 _cBK
999 _c50556
_d50556